| 000 | 01167cam a22003377a 4500 | ||
|---|---|---|---|
| 003 | CHAP | ||
| 005 | 20220329134414.0 | ||
| 008 | 971013s1988 r 00010 d | ||
| 010 | _a20049 | ||
| 011 | _a21021 | ||
| 035 | _a25110 | ||
| 040 | _cCHAP | ||
| 090 | _aTesis | ||
| 100 | 0 | 0 |
_aBonilla Ramírez, Omar Esteban. _913711 |
| 245 | 1 | 3 | _aEl sistema de cultivo de cebada (Hordeum vulgare L.) en el Distrito de Calpulalpan, Tlax. |
| 260 |
_aChapingo, Méx. : _bEl autor, _c1988 |
||
| 300 | _a204 h. | ||
| 502 | _aTesis (Ing. Agr. Esp. en Fitotecnia) -- UACH. Departamento de Fitotecnia | ||
| 590 |
_aALEPH _b10 _c20130110 _lUCH01 _h1243 |
||
| 590 |
_aBATCH-UPD _b10 _c20130110 _lUCH01 _h1937 |
||
| 590 |
_aBATCH-UPD _b10 _c20130410 _lUCH01 _h1301 |
||
| 590 |
_aBATCH-UPD _b10 _c20130914 _lUCH01 _h0659 |
||
| 590 |
_aCONVERSION _b10 _c20130109 _lUCH01 _h1312 |
||
| 650 | 1 | 4 |
_aCebada _xTlaxcala. _920712 |
| 650 | 1 | 4 |
_aDistrito de Desarrollo Rural Calpulalpan, Tlax. _932763 |
| 650 | 1 | 4 |
_aSistemas de cultivo. _9106746 |
| 901 | _aBK | ||
| 942 | _cFOLL | ||
| 949 |
_bBC _cTES _d-57948 _eTS1 _h20292 _i25110 _si |
||
| 949 |
_bBC _cTES _d33724000930228 _eTS2 _fc.2 _h20293 _i25110 _si |
||
| 999 |
_c20049 _d20049 |
||